El principio de la alternabilidad en la historia dominicana (Record no. 28781)

MARC details
000 -LEADER
campo de control de longitud fija 00535nam a2200157 i 4500
001 - NÚMERO DE CONTROL
campo de control 28781
003 - IDENTIFICADOR DE NÚMERO DE CONTROL
campo de control ES-MaACL
005 - FECHA Y HORA DE LA ÚLTIMA TRANSACCIÓN
campo de control 20230906153928.0
007 - CAMPO FIJO DE DESCRIPCIÓN FÍSICA--INFORMACIÓN GENERAL
campo de control de longitud fija t|
008 - DATOS DE LONGITUD FIJA--INFORMACIÓN GENERAL
campo de control de longitud fija 030120s1952 dr ||||1| spa d
100 1# - ENTRADA PRINCIPAL--NOMBRE DE PERSONA
Nombre de persona Balaguer, Joaquín.
9 (RLIN) 24803
245 13 - MENCIÓN DEL TÍTULO
Título El principio de la alternabilidad en la historia dominicana
Resto del título : conferencia pronunciada en el Ateneo Dominicano /
Mención de responsabilidad, etc. Joaquín Balaguer.
260 ## - PUBLICACIÓN, DISTRIBUCIÓN, ETC.
Lugar de publicación, distribución, etc. Ciudad Trujillo :
Nombre del editor, distribuidor, etc. [s.n.,
Fecha de publicación, distribución, etc. 1952] (
Fabricante Imp. Dominicana)
300 ## - DESCRIPCIÓN FÍSICA
Extensión 32 p. ;
Dimensiones 23 cm.
852 ## - LOCALIZACIÓN
Ubicación ES-MaACL
Número de control de estantería 1952-F-16
Sublocalización o colección R.34727
Holdings
Estatus retirado Estado de pérdida Estado de daño No para préstamo Colección Biblioteca de origen Biblioteca actual Ubicación en estantería Fecha de adquisición Fuente de adquisición Total de préstamos Signatura topográfica completa Código de barras Visto por última vez Precio de reemplazo Tipo de ítem Koha
        Colección de folletos Biblioteca del Ateneo de Madrid Biblioteca del Ateneo de Madrid Depósito folletos 17/01/2008     1952-F-16 1029714 23/02/2023 23/02/2023 Folleto